000 00666nam a2200205 i 4500
001 24547
003 ES-MaACL
005 20260305063017.0
007 t|
008 021217s1977 sp ||||1| spa d
100 0 _aAngel, Alfred,
_cObispo de Lyon
_921698
245 1 0 _aInterpretación cristiana de la lucha de clases /
_cpor Alfred Angel, Obispo de Lyon ; [traducción por Carmen Santiago Agút].
260 _aMadrid :
_b[Edica],
_c1977.
300 _aVI, 227 p. ;
_c19 cm.
490 1 _aBAC popular
700 1 _aSantiago Agút, Carmen.
_9103391
830 0 _aBAC popular
_9180920
852 _aES-MaACL
_jA-7207
_bR.96313
999 _c24547
_d24547